Microsoft excel 2013 : (Record no. 102109)

MARC details
000 -LEADER
fixed length control field 01081nam a22002537a 4500
005 - DATE AND TIME OF LATEST TRANSACTION
control field 20170707112916.0
010 ## - LCCN (DPL NO)
LC control number 1617EN
020 ## - INTERNATIONAL STANDARD BOOK NUMBER
International Standard Book Number 9788131531686
Terms of availability 850.00
035 ## - SYSTEM CONTROL NUMBER
System control number B-654230-241
035 ## - SYSTEM CONTROL NUMBER
System control number B-667882
037 ## - SOURCE OF ACQUISITION
Stock number dpl
Source of stock number/acquisition Techniz
082 ## - DEWEY DECIMAL CLASSIFICATION NUMBER
Classification number 005.54
100 ## - MAIN ENTRY--PERSONAL NAME
Personal name Freund, Steven M.
245 ## - TITLE STATEMENT
Title Microsoft excel 2013 :
Statement of responsibility, etc by Steven M. Freund, Mali B. Jones [and] Joy L. Starks
Remainder of title comprehensive /
260 ## - PUBLICATION, DISTRIBUTION, ETC. (IMPRINT)
Place of publication, distribution, etc Delhi
Name of publisher, distributor, etc Cengage Learning
Date of publication, distribution, etc 2016 (repr.)
270 ## - ADDRESS
Address 418,F.I.E.Patparganj
City Delhi
Postal code 110092
Fax number -
Electronic mail address -
300 ## - PHYSICAL DESCRIPTION
Extent various pagings
Dimensions 27cm(pbk)
500 ## - GENERAL NOTE
General note Includes index
700 ## - ADDED ENTRY--PERSONAL NAME
Personal name Jones, Mali B.
700 ## - ADDED ENTRY--PERSONAL NAME
Personal name Starks, Joy L.
942 ## - ADDED ENTRY ELEMENTS (KOHA)
Source of classification or shelving scheme Dewey Decimal Classification
Item type English Books
Call number suffix FRE
Classification part 005.54
Holdings
Withdrawn status Lost status Not for loan Collection code Home library Current library Date acquired Source of acquisition Cost, normal purchase price Full call number Barcode Copy number Cost, replacement price Koha item type
      Non-fiction Bawana Bawana 21/02/2017 BPPD/EN/2016-17/306/24.11.2016/TZ16932/5.12.2016/4.1.2017 850.00 005.54 FRE B-654239 1 850.00 English Books
      Non-fiction Central Library Central Library 21/02/2017 BPPD/EN/2016-17/306/24.11.2016/TZ16932/5.12.2016/4.1.2017 850.00 005.54 FRE B-654230 1 850.00 English Books
      Non-fiction Janak Puri Janak Puri 21/02/2017 BPPD/EN/2016-17/306/24.11.2016/TZ16932/5.12.2016/4.1.2017 850.00 005.54 FRE B-654236 1 850.00 English Books
      Non-fiction Kasturba Gandhi Marg Kasturba Gandhi Marg 21/02/2017 BPPD/EN/2016-17/306/24.11.2016/TZ16932/5.12.2016/4.1.2017 850.00 005.54 FRE B-654233 1 850.00 English Books
      Non-fiction New Police Line New Police Line 21/02/2017 BPPD/EN/2016-17/306/24.11.2016/TZ16932/5.12.2016/4.1.2017 850.00 005.54 FRE B-654231 1 850.00 English Books
      Non-fiction Patel Nagar Patel Nagar 21/02/2017 BPPD/EN/2016-17/306/24.11.2016/TZ16932/5.12.2016/4.1.2017 850.00 005.54 FRE B-654232 1 850.00 English Books
      Non-fiction Patel Nagar Patel Nagar 07/07/2017 BPPD/EN/2016-17/AV/16-17/472/15.02.2017/TZ17430/24.02.2017/18.03.2017 850.00 005.54 FRE B-667882 1 850.00 English Books
      Non-fiction Peshwa Road Peshwa Road 21/02/2017 BPPD/EN/2016-17/306/24.11.2016/TZ16932/5.12.2016/4.1.2017 850.00 005.54 FRE B-654234 1 850.00 English Books
      Non-fiction R.K.Puram-8 R.K.Puram-8 21/02/2017 BPPD/EN/2016-17/306/24.11.2016/TZ16932/5.12.2016/4.1.2017 850.00 005.54 FRE B-654238 1 850.00 English Books
      Non-fiction Sarojini Nagar Sarojini Nagar 21/02/2017 BPPD/EN/2016-17/306/24.11.2016/TZ16932/5.12.2016/4.1.2017 850.00 005.54 FRE B-654237 1 850.00 English Books
      Non-fiction Shahdara Branch Shahdara Branch 21/02/2017 BPPD/EN/2016-17/306/24.11.2016/TZ16932/5.12.2016/4.1.2017 850.00 005.54 FRE B-654240 1 850.00 English Books
      Non-fiction Tri Nagar Tri Nagar 21/02/2017 BPPD/EN/2016-17/306/24.11.2016/TZ16932/5.12.2016/4.1.2017 850.00 005.54 FRE B-654235 1 850.00 English Books
      Non-fiction Yojana Vihar Yojana Vihar 21/02/2017 BPPD/EN/2016-17/306/24.11.2016/TZ16932/5.12.2016/4.1.2017 850.00 005.54 FRE B-654241 1 850.00 English Books

© Delhi Public Library
Hit Counter
free hit counter